000 00575nam a2200157 i 4500
001 51452
003 ES-MaACL
005 20230906162350.0
007 t|
008 030813s1923 fr ||||1| fre d
100 1 _aChevalier, Jacques (
_d1882-1962)
_938413
245 1 0 _aPour une sicence de l'individuel
_b: introduction a un essai sur la formation de la nationalité et les réveils religenx an paigs de Galles des origenes a la fin du sixieme siècle /
_cJacques Chevalier.
260 _aParís :
_bFélix Alcan,
_c1923.
300 _a31 p.
852 _aES-MaACL
_j1652-F-16
999 _c51452
_d51452